000 01288cam a2200301 4500
002 1297
008 #DATE n2004 000 0 eng u
020 _a1904388299
035 _a(Sirsi) u127193
041 _aeng
050 _a690.25
_c18
100 _aGleeson, John
245 _aStructural failures in traditionally built domestic buildings: a CPD study pack.
250 _a2nd ed.
260 _aReading
_bCollege of Estate Management
_c2004
300 _a45p. : ill. ; 30cm.
350 _a36.00
490 _aCollege of Estate Management CPD Study Pack
520 _aThe second edition of this study pack considers the general principles of common structural failures found in low rise, traditionally built domestic properties constructed since 1900. Earlier properties are briefly dealt with in a section on ♯Historic buildingsα. The paper covers: investigation, monitoring and recording; causes of failure; remedies; and law and legislation.
520 _aNo accompanying audio tape.
520 _aSupersedes first edition (ISBN 0947763902).
650 _aBUILDING FAILURES
650 _aDOMESTIC BUILDINGS
650 _aSTRUCTURAL FAILURES
690 _aBUILT ENVIRONMENT-BUILDING PATHOLOGY
710 _aCollege of Estate Management
_9400
942 _n0
999 _c103713
_d103713